000 00752nam a2200193 a 4500
001 000029598
005 20200930055651.0
008 110415s1999 dr 000 0 spa d
040 _aDO-SdBNP
_bspa
_cBNPHU
082 _axxx
_bC3978a
110 2 _aCentro Nacional de Investigaciones en Salud Materno Infantil
_955757
245 1 0 _aDefectos metabólicos de los amino ácidos (amino-acidopatías) /
_ceditor Hugo R. Mendoza.
260 _aSanto Domingo :
_bCENISMI,
_c1999.
300 _aviii,72 p. ;
_c28 cm.
490 1 _aInvestigaciones clínicas
_aestudios aplicados a las clínica
_vv
504 _aBibliografía : p. 66-72
700 1 _aMendoza, Hugo R.
_eed
_96390
830 0 _aInvestigaciones clínicas
_pestudios aplicados a las clínica
_vv
_956422
999 _c29090
_d29090